| 000 | 00443pam a2200157 4500 | ||
|---|---|---|---|
| 001 | 4671 | ||
| 005 | 20181127173915.0 | ||
| 008 | 841016s1985 nyua b 001 0 eng | ||
| 010 | _a 84022551 | ||
| 020 | _a9789383360161 | ||
| 100 | 1 |
_aChakraborty, Swati. _d |
|
| 245 | 1 | 0 |
_aInternational finance / _cDr.Swati Chakraborty. |
| 260 |
_aKolkata : _bThe Elegant Publications, _c2015. |
||
| 300 |
_a314 p. ; _b _c25 cm. |
||
| 650 | 0 | _aInternational finance. | |
| 999 |
_c3878 _d3878 |
||